000 00569nam a2200181 4500
005 20260413070355.0
008 260413b |||||||| |||| 00| 0 eng d
050 _aRM301
_b.F37 2008
100 _aFarrell, Susan E.
245 _aPrinciples of pharmacology workbook/
260 _aPhiladelphia :
_bWolters Kluwer Health/ Lippincott Williams & Wilkins,
_c 2008.
300 _axii, 303 p. :
_bill. ;
_c28 cm.
650 _a Pharmacology
650 _aPhysiology, Pathological
650 _aPhysiology, Pathological
700 _a Golan, David E.
942 _2lcc
_cBK
999 _c60335
_d60335